[Event "Varazdinske Toplice rapid op"]
[Site "Varazdinske Toplice"]
[Date "2017.12.26"]
[Round "5"]
[White "Sardi, Darko"]
[Black "Lacko, Zlatko"]
[Result "1-0"]
[WhiteElo "1905"]
[BlackElo "1994"]
[PlyCount "51"]
[EventDate "2017.12.26"]
[EventType "swiss (rapid)"]
[EventRounds "9"]
[EventCountry "CRO"]
[SourceTitle "EXT 2019"]
[Source "ChessBase"]
[SourceDate "2018.10.10"]
[SourceVersion "1"]
[SourceVersionDate "2018.10.10"]
[SourceQuality "1"]

1. e4 c5 2. d4 cxd4 3. c3 dxc3 4. Nxc3 a6 5. Bc4 e6 6. Nf3 Nc6 7. 0-0 d6 8. Qe2 Be7 9. Rd1 Qc7 10. Bf4 e5 11. Nd5 Qb8 12. Be3 b5 13. Bb3 Bd8 14. Rac1 Nge7 15. Nxe7 Nxe7 16. Ng5 0-0 17. Qh5 h6 18. Nxf7 d5 19. Nxh6+ gxh6 20. exd5 Qd6 21. Bxh6 Rf6 22. Bg5 Rg6 23. Bxe7 Bxe7 24. Rc6 Bg4 25. Qxg6+ Qxg6 26. Rxg6+ 1-0

[Event "Hum na Sutli op"]
[Site "Hum na Sutli"]
[Date "2008.11.27"]
[Round "6"]
[White "Lacko, Zlatko"]
[Black "Djodj, Goran"]
[Result "0-1"]
[WhiteElo "1673"]
[BlackElo "1953"]
[PlyCount "102"]
[EventDate "2008.11.22"]
[EventType "swiss"]
[EventRounds "9"]
[EventCountry "CRO"]
[SourceTitle "EXT 2010"]
[Source "ChessBase"]
[SourceDate "2010.11.25"]
[SourceVersion "1"]
[SourceVersionDate "2010.11.25"]
[SourceQuality "1"]

1. e4 c6 2. d4 d5 3. Nd2 dxe4 4. Nxe4 Bf5 5. Ng3 Bg6 6. Nf3 Nd7 7. Bc4 e6 8. c3 Qc7 9. 0-0 Ngf6 10. Bd3 Be7 11. Bg5 Bxd3 12. Qxd3 h6 13. Bxf6 Bxf6 14. Nh5 0-0-0 15. Qc2 Rhg8 16. a4 Qa5 17. Ng3 Rde8 18. Ne4 Qc7 19. b4 e5 20. Rad1 exd4 21. cxd4 Qf4 22. Rfe1 Kb8 23. Ng3 Qd6 24. Qb3 Qd5 25. Qc2 Be7 26. Rb1 Bd6 27. Ne4 Nf6 28. Nxd6 Qxd6 29. h3 Rxe1+ 30. Rxe1 Qxb4 31. Rb1 Qd6 32. Qb3 Qc7 33. Ne5 Nd5 34. Rc1 Kc8 35. Qf3 Nb4 36. Nxf7 Rf8 37. Qg4+ Kb8 38. Ne5 Rd8 39. Rc4 a5 40. Qf3 Qe7 41. Qg3 Ka8 42. Rc5 Rd5 43. Qg4 Rxc5 44. Qc8+ Ka7 45. Nd7 Rc1+ 46. Kh2 Qd6+ 47. g3 Rc2 48. Kg1 Rc1+ 49. Kh2 Na6 50. Qd8 Qc7 51. Qe8 Rd1 0-1

[Event "Hum na Sutli op"]
[Site "Hum na Sutli"]
[Date "2008.11.26"]
[Round "5"]
[White "Gorup, Damir"]
[Black "Lacko, Zlatko"]
[Result "1-0"]
[WhiteElo "2044"]
[BlackElo "1673"]
[PlyCount "87"]
[EventDate "2008.11.22"]
[EventType "swiss"]
[EventRounds "9"]
[EventCountry "CRO"]
[SourceTitle "EXT 2010"]
[Source "ChessBase"]
[SourceDate "2010.11.25"]
[SourceVersion "1"]
[SourceVersionDate "2010.11.25"]
[SourceQuality "1"]

1. e4 e5 2. Nf3 Nc6 3. Bb5 a6 4. Ba4 b5 5. Bb3 Nf6 6. 0-0 Be7 7. Re1 d6 8. c3 0-0 9. h3 Bb7 10. d4 exd4 11. cxd4 h6 12. Nbd2 Re8 13. Nf1 Bf8 14. Ng3 Ne7 15. Bd2 Ng6 16. Bc2 c5 17. d5 Bc8 18. b4 Nd7 19. Rc1 Nde5 20. Nxe5 Nxe5 21. f4 Qh4 22. Nf1 Ng6 23. bxc5 Nxf4 24. Bxf4 Qxf4 25. c6 Re5 26. Re3 Qg5 27. Rg3 Qh4 28. Qf3 f5 29. exf5 Qd4+ 30. Ne3 Be7 31. Rd1 Qc5 32. f6 Bxf6 33. Qxf6 Qxe3+ 34. Qf2 Qe2 35. Rf1 Qxf2+ 36. Rxf2 Re1+ 37. Kh2 Rc1 38. Rgf3 Rxc2 39. Rxc2 a5 40. Re2 Ba6 41. Re6 b4 42. Rxd6 a4 43. c7 Bb7 44. Rb6 1-0